Central Library OPAC University of Rajshahi

The faith of our feminists : (Record no. 18068)

MARC details
000 -LEADER
fixed length control field 01369cam a22003371 4500
001 - CONTROL NUMBER
control field 18068
003 - CONTROL NUMBER IDENTIFIER
rucl marc code BD-RjUL
005 - DATE AND TIME OF LATEST TRANSACTION
control field 20211209000231.0
008 - FIXED-LENGTH DATA ELEMENTS--GENERAL INFORMATION
fixed length control field 140219s1950 nyu b 000 0 eng d
035 ## - SYSTEM CONTROL NUMBER
System control number (BD-RjUL)18126
System control number (OCoLC)269338
040 ## - CATALOGING SOURCE
Original cataloging agency DLC
Transcribing agency ODaWU
Modifying agency OCoLC
-- DLC
-- BD-RjUL
Language of cataloging eng
041 ## - LANGUAGE CODE
Language code of text/sound track or separate title eng
082 00 - DEWEY DECIMAL CLASSIFICATION NUMBER
Classification number 813.509
Author mark and year JEF 1950
100 1# - MAIN ENTRY--PERSONAL NAME
Personal name Jessup, Josephine Lurie.
9 (RLIN) 55669
245 14 - TITLE STATEMENT
Title The faith of our feminists :
Remainder of title a study in the novels of Edith Wharton, Ellen Glasgow, Willa Cather /
260 ## - PUBLICATION, DISTRIBUTION, ETC. (IMPRINT)
Place of publication, distribution, etc. New York :
Name of publisher, distributor, etc. R.R. Smith,
Date of publication, distribution, etc. 1950.
300 ## - PHYSICAL DESCRIPTION
Pagination 128 p. ;
Size 22 cm.
504 ## - BIBLIOGRAPHY, ETC. NOTE
Bibliography, etc Includes bibliographies.
600 10 - SUBJECT ADDED ENTRY--PERSONAL NAME
Personal name Wharton, Edith,
Dates associated with a name 1862-1937
General subdivision Criticism and interpretation.
Personal name Glasgow, Ellen Anderson Gholson,
Dates associated with a name 1873-1945
General subdivision Criticism and interpretation.
Personal name Cather, Willa,
Dates associated with a name 1873-1947
General subdivision Criticism and interpretation.
650 #0 - SUBJECT ADDED ENTRY--TOPICAL TERM
Topical term or geographic name as entry element American fiction
Chronological subdivision 20th century
General subdivision History and criticism.
9 (RLIN) 52286
Topical term or geographic name as entry element Feminism and literature
Geographic subdivision United States
General subdivision History
Chronological subdivision 20th century.
9 (RLIN) 55673
Topical term or geographic name as entry element Women and literature
Geographic subdivision United States
General subdivision History
Chronological subdivision 20th century.
9 (RLIN) 55674
Topical term or geographic name as entry element American fiction
General subdivision Women authors
-- History and criticism.
9 (RLIN) 55675
Topical term or geographic name as entry element Feminist fiction, American
General subdivision History and criticism.
9 (RLIN) 55676
942 ## - ADDED ENTRY ELEMENTS (KOHA)
Source of classification or shelving scheme Dewey Decimal Classification
Koha item type Books
Holdings
Lost status Source of classification or shelving scheme Damaged status Not for loan Collection code Permanent Location Current Location Shelving location Date acquired Source of acquisition Total Checkouts Full call number Date last seen Copy number Koha item type
  Dewey Decimal Classification   Not For Loan Fiction Central Library, University of Rajshahi Central Library, University of Rajshahi Reading Room 22/02/1958 U. S. I. S. Gift   813.509 JEF 1950 19/02/2014 C-1 Books